000
00276nam a2200097Ia 4500
082
_a
617.412 HYDE
245
0
_a
Understanding heart surgery
100
_a
HYDE, Jonathan A J. Poole, Dorset, 2003
_9
96533
942
_c
BK
008
210817s9999 xx 000 0 und d
999
_c
405882
_d
405881